[Event "Outaouais-ch Reserve"]
[Site "Gatineau CAN"]
[Date "2023.05.09"]
[Round "7"]
[White "Piche, Danielle"]
[Black "Deschenes, Stephane"]
[Result "0-1"]
[WhiteElo "961"]
[BlackElo "1118"]
[PlyCount "92"]
[EventDate "2023.03.28"]
[EventType "swiss"]
[EventRounds "7"]
[EventCountry "CAN"]
[TimeControl "90+30"]

1. d4 g6 2. Bf4 Bg7 3. e3 c5 4. c3 d6 5. Nf3 Nd7 6. Bd3 f5 7. Nbd2 Ngf6 8. O-O
O-O 9. Re1 Re8 10. Qe2 b6 11. a4 Bb7 12. e4 Nh5 13. Bg5 f4 14. Nc4 Qc7 15. e5
d5 16. e6 Nf8 17. Nce5 Bc8 18. Bb5 Rd8 19. Nf7 Nxe6 20. Nxd8 Qxd8 21. Bh4 g5
22. Nxg5 Nxg5 23. Bxg5 Bf6 24. Bxf6 Nxf6 25. Qf3 Qd6 26. Bd3 Bg4 27. Qe2 Bxe2
28. Rxe2 Re8 29. a5 c4 30. Bc2 b5 31. a6 Rb8 32. Rae1 Re8 33. g3 Nh5 34. Bd1
Qf6 35. Rd2 Qg5 36. g4 f3 37. Bxf3 Qxd2 38. Bxd5+ Kf8 39. Rf1 Rd8 40. Be4 Nf4
41. h3 Nxh3+ 42. Kg2 Ng5 43. Bd5 Rxd5 44. Kg3 Qxb2 45. f4 Qxc3+ 46. Kh4 Qh3#
0-1

[Event "Outaouais-ch Reserve"]
[Site "Gatineau CAN"]
[Date "2023.05.09"]
[Round "7"]
[White "Roy, Dominique"]
[Black "Filion, Jean"]
[Result "1-0"]
[WhiteElo "1213"]
[BlackElo "1143"]
[PlyCount "103"]
[EventDate "2023.03.28"]
[EventType "swiss"]
[EventRounds "7"]
[EventCountry "CAN"]
[TimeControl "90+30"]

1. e4 e5 2. Nf3 Bd6 3. Nc3 Nf6 4. Nb5 Nxe4 5. d3 Nf6 6. Nxd6+ cxd6 7. Bg5 h6 8.
Bh4 g5 9. Bg3 Qb6 10. b3 Nd5 11. Qd2 Qb4 12. a3 Qxd2+ 13. Nxd2 f5 14. f3 Ne3
15. Rc1 f4 16. Bf2 Nc6 17. c3 Nxf1 18. Nxf1 b6 19. Nd2 Ba6 20. c4 b5 21. O-O
bxc4 22. bxc4 O-O 23. Rfe1 Rf6 24. Rb1 Kf7 25. Ne4 Rg6 26. Red1 Nd4 27. Bxd4
exd4 28. c5 dxc5 29. Nxc5 Bc8 30. Rb4 d6 31. Ne4 Bf5 32. Rxd4 Bxe4 33. dxe4 Rd8
34. Rd5 Ke7 35. h3 h5 36. Ra5 Rd7 37. Rdd5 Kf7 38. Rxg5 Rxg5 39. Rxg5 Rc7 40.
Rxh5 Rc1+ 41. Kh2 Ra1 42. Ra5 Ke6 43. Rxa7 Ke5 44. h4 Kd4 45. h5 Ke3 46. h6 Kf2
47. h7 Rg1 48. Rg7 d5 49. exd5 Rh1+ 50. Kxh1 Ke3 51. h8=Q Kf2 52. Qh4+ 1-0

[Event "Outaouais-ch Reserve"]
[Site "Gatineau CAN"]
[Date "2023.05.09"]
[Round "7"]
[White "Seguin, Hubert"]
[Black "Bolduc, Christian"]
[Result "1-0"]
[WhiteElo "1526"]
[BlackElo "1225"]
[PlyCount "49"]
[EventDate "2023.03.28"]
[EventType "swiss"]
[EventRounds "7"]
[EventCountry "CAN"]
[TimeControl "90+30"]

1. e4 e5 2. Nf3 c6 3. d4 d6 4. dxe5 d5 5. exd5 cxd5 6. Nc3 Be6 7. Bb5+ Nc6 8.
O-O g6 9. Bg5 Nge7 10. Bf6 Rg8 11. Nd4 Qd7 12. Qd2 O-O-O 13. Rfe1 Bg7 14. Bxe7
Qxe7 15. Bxc6 Qc7 16. Ba4 Bxe5 17. Ncb5 Bxh2+ 18. Kh1 Qb8 19. Nxe6 fxe6 20.
Rxe6 Rg7 21. Qh6 Be5 22. Qe3 Bh2 23. Qc5+ Bc7 24. Nxa7+ Qxa7 25. Qxa7 1-0

[Event "Outaouais-ch Reserve"]
[Site "Gatineau CAN"]
[Date "2023.05.16"]
[Round "8"]
[White "Blais, Robert"]
[Black "Villeneuve, Denis"]
[Result "0-1"]
[WhiteElo "1507"]
[BlackElo "1396"]
[PlyCount "48"]
[EventDate "2023.03.28"]
[EventType "swiss"]
[EventRounds "7"]
[EventCountry "CAN"]
[TimeControl "90+30"]

1. e4 d6 2. d4 Nd7 3. Nf3 e5 4. d5 Ngf6 5. Bd3 c6 6. c4 Be7 7. Nc3 O-O 8. O-O
h6 9. h3 Nc5 10. Be3 Nxd3 11. Qxd3 cxd5 12. cxd5 Ne8 13. Qd2 f5 14. exf5 Bxf5
15. Bxh6 gxh6 16. Qxh6 Rf7 17. Qe3 Rg7 18. Kh2 Nf6 19. Nh4 Bd7 20. Nf3 Qe8 21.
Rad1 Qh5 22. Kh1 Bxh3 23. gxh3 Qxh3+ 24. Nh2 Qg2# 0-1

[Event "Outaouais-ch Reserve"]
[Site "Gatineau CAN"]
[Date "2023.05.16"]
[Round "8"]
[White "Chenard, Paul"]
[Black "Arcand, Pierre"]
[Result "0-1"]
[WhiteElo "918"]
[BlackElo "1170"]
[PlyCount "64"]
[EventDate "2023.03.28"]
[EventType "swiss"]
[EventRounds "7"]
[EventCountry "CAN"]
[TimeControl "90+30"]

1. e4 e5 2. Nf3 Nc6 3. Nxe5 Nxe5 4. d4 Nc6 5. d5 Ne5 6. f4 Ng6 7. e5 Bb4+ 8.
Bd2 Bxd2+ 9. Nxd2 Nxf4 10. Qf3 Ng6 11. g3 Nxe5 12. Qe3 d6 13. Bb5+ Bd7 14. Bc4
Qe7 15. O-O Nxc4 16. Nxc4 Qxe3+ 17. Nxe3 O-O-O 18. Rae1 Nf6 19. Rf4 Rde8 20.
Ra4 a6 21. Kf2 Bxa4 22. b3 Bd7 23. Rd1 Ng4+ 24. Nxg4 Bxg4 25. Rd4 Bh5 26. g4
Bg6 27. Kg3 Re4 28. Rd2 Rhe8 29. Rf2 Re3+ 30. Kh4 Re2 31. Rf4 Rxh2+ 32. Kg5 h6#
0-1

[Event "Outaouais-ch Reserve"]
[Site "Gatineau CAN"]
[Date "2023.05.16"]
[Round "8"]
[White "Elsayed, Ahmed"]
[Black "Nasr, Marwan"]
[Result "0-1"]
[WhiteElo "2029"]
[BlackElo "1443"]
[PlyCount "111"]
[EventDate "2023.03.28"]
[EventType "swiss"]
[EventRounds "7"]
[EventCountry "CAN"]
[TimeControl "90+30"]

1. e4 c6 2. d4 d5 3. exd5 cxd5 4. Nc3 Nf6 5. Nf3 Nc6 6. Be2 g6 7. h3 Bg7 8. O-O
O-O 9. Bf4 Qb6 10. b3 Bf5 11. Na4 Qd8 12. Bd3 Bxd3 13. Qxd3 Rc8 14. a3 e6 15.
Rfe1 Qe7 16. Nb2 Rfd8 17. Nd1 Qd7 18. Ne5 Nxe5 19. Bxe5 Qc6 20. Rc1 Ne4 21.
Bxg7 Kxg7 22. c4 Qa6 23. a4 Nd6 24. Nb2 dxc4 25. bxc4 Nf5 26. Red1 Rxd4 27. Qc3
e5 28. f4 Qb6 29. Kh2 Qf6 30. fxe5 Qxe5+ 31. Kg1 Rcd8 32. Rxd4 Nxd4 33. Kh1 f6
34. Re1 Qc7 35. Nd1 Ne2 36. Qb4 Ng3+ 37. Kg1 Nf5 38. Nf2 Kf7 39. c5 Qc6 40.
Qc4+ Qd5 41. Qc3 Rc8 42. Rd1 Qe6 43. Qa5 a6 44. Qb4 Rc7 45. Qd2 Rxc5 46. Qd8
Ne7 47. Qh8 Qe2 48. Rf1 Qe3 49. Kh1 Rc1 50. Qxh7+ Ke6 51. Rxc1 Qxc1+ 52. Kh2
Qf4+ 53. Kg1 Qxa4 54. Qh6 Qa1+ 55. Kh2 Qe5+ 56. g3 0-1

[Event "Outaouais-ch Reserve"]
[Site "Gatineau CAN"]
[Date "2023.05.16"]
[Round "8"]
[White "Filion, Samuel"]
[Black "Chacon, Jose"]
[Result "0-1"]
[WhiteElo "1492"]
[BlackElo "1585"]
[PlyCount "106"]
[EventDate "2023.03.28"]
[EventType "swiss"]
[EventRounds "7"]
[EventCountry "CAN"]
[TimeControl "90+30"]

1. e4 c5 2. Nf3 Nc6 3. d4 cxd4 4. Nxd4 g6 5. Nc3 Bg7 6. Be3 Nf6 7. f3 O-O 8.
Bc4 d5 9. Nxd5 Nxd5 10. Bxd5 Nxd4 11. Bxd4 Bxd4 12. Qxd4 e6 13. O-O-O exd5 14.
Qxd5 Qb6 15. Qd4 Qa6 16. a3 Be6 17. Qd6 Qc4 18. b3 Qc3 19. Qd4 Qa5 20. Qb4 Qg5+
21. Qd2 Qc5 22. Qd6 Qa5 23. Qb4 Qxb4 24. axb4 a5 25. bxa5 Rxa5 26. Kb2 Rfa8 27.
Ra1 Rxa1 28. Rxa1 Rxa1 29. Kxa1 Kg7 30. Kb2 Kf6 31. Kc3 Kg5 32. Kd3 f5 33. exf5
Bxf5+ 34. Kd2 Kf4 35. c4 Bb1 36. Kc1 Bd3 37. Kd2 Bf1 38. g3+ Kxf3 39. Ke1 Bh3
40. b4 Kg2 41. b5 Kxh2 42. Kf2 Be6 43. c5 Bd5 44. b6 Kh3 45. Ke3 Kxg3 46. Kd4
Bc6 47. Ke5 h5 48. Kf6 h4 49. Kxg6 Kf4 50. Kf6 Ke4 51. Ke6 Kd4 52. Kd6 h3 53.
Kc7 Kxc5 0-1

[Event "Outaouais-ch Reserve"]
[Site "Gatineau CAN"]
[Date "2023.05.16"]
[Round "8"]
[White "Labelle, Raymond"]
[Black "Seguin, Hubert"]
[Result "1-0"]
[WhiteElo "1533"]
[BlackElo "1526"]
[PlyCount "97"]
[EventDate "2023.03.28"]
[EventType "swiss"]
[EventRounds "7"]
[EventCountry "CAN"]
[TimeControl "90+30"]

1. e4 d6 2. Nf3 c5 3. d4 cxd4 4. Nxd4 Nc6 5. Be3 Nf6 6. Nxc6 bxc6 7. Bd3 Ng4 8.
Bd2 Ne5 9. Be2 c5 10. Nc3 g6 11. O-O Bg7 12. Rb1 a5 13. h3 O-O 14. Qc1 Bb7 15.
Bg5 Ba6 16. Bxa6 Rxa6 17. Nd5 f6 18. Bf4 e6 19. Nc3 d5 20. exd5 exd5 21. a4 f5
22. Nb5 Re8 23. Bg5 Qd7 24. Re1 Rae6 25. Kf1 Nc4 26. Rxe6 Qxe6 27. b3 Qe2+ 28.
Kg1 Nb6 29. Qd1 d4 30. Bd2 Qxd1+ 31. Rxd1 Ra8 32. Nc7 Ra7 33. Nb5 Ra8 34. Nc7
Rc8 35. Bxa5 Rxc7 36. Bxb6 Rc6 37. a5 c4 38. b4 Rd6 39. Bc5 Rd8 40. a6 Kf7 41.
a7 d3 42. cxd3 c3 43. d4 Bh6 44. b5 c2 45. Ra1 c1=Q+ 46. Rxc1 Bxc1 47. b6 Re8
48. b7 Bf4 49. g3 1-0

[Event "Outaouais-ch Reserve"]
[Site "Gatineau CAN"]
[Date "2023.05.16"]
[Round "8"]
[White "Lecorre, Joel"]
[Black "Arvisais, Eric"]
[Result "1-0"]
[WhiteElo "1589"]
[BlackElo "1204"]
[PlyCount "133"]
[EventDate "2023.03.28"]
[EventType "swiss"]
[EventRounds "7"]
[EventCountry "CAN"]
[TimeControl "90+30"]

1. e4 c6 2. Nc3 d5 3. Nf3 d4 4. Ne2 c5 5. d3 Nc6 6. g3 e5 7. Bg2 Nf6 8. c3 Bg4
9. h3 Be6 10. Ng5 Qd7 11. c4 h6 12. Nxe6 Qxe6 13. b3 Be7 14. Bd2 O-O 15. O-O a5
16. f4 Bd6 17. f5 Qe7 18. g4 Nb4 19. Be1 Qd7 20. a3 Na6 21. Bxa5 Nc7 22. Bd2 b5
23. Ng3 bxc4 24. bxc4 Be7 25. g5 hxg5 26. Bxg5 Nh7 27. Bd2 Qd6 28. Qg4 Nf6 29.
Qf3 Rfb8 30. Nh5 Rb2 31. Bg5 Nxh5 32. Qxh5 f6 33. Bc1 Rc2 34. Qd1 Rc3 35. Bb2
Rb8 36. Bxc3 dxc3 37. Rc1 Qd4+ 38. Kh2 Rb2 39. Rc2 Rb3 40. Ra2 Rb2 41. Rxb2
cxb2 42. Qd2 Ne8 43. Rb1 Bd8 44. Rxb2 Bc7 45. Rb7 Qd8 46. Qe3 Qc8 47. Rb5 Bd6
48. Qc1 Nc7 49. Rb3 Qa6 50. Qb2 Na8 51. Bf3 Bc7 52. Bd1 Nb6 53. Rb5 Nd7 54. a4
Ba5 55. Rb7 Qc6 56. Qb5 Qxb5 57. cxb5 Nb6 58. Bb3+ Kh7 59. Ra7 Bc3 60. a5 Nc8
61. Ra8 Nd6 62. b6 Bd2 63. a6 Bf4+ 64. Kg2 Kh6 65. b7 Nb5 66. h4 Nd6 67. Rh8#
1-0

[Event "Outaouais-ch Reserve"]
[Site "Gatineau CAN"]
[Date "2023.05.16"]
[Round "8"]
[White "Marenger, Vincent"]
[Black "Masse-Garneau, Anthony"]
[Result "1/2-1/2"]
[WhiteElo "1497"]
[BlackElo "1536"]
[PlyCount "71"]
[EventDate "2023.03.28"]
[EventType "swiss"]
[EventRounds "7"]
[EventCountry "CAN"]
[TimeControl "90+30"]

1. e4 c5 2. Nc3 e6 3. f4 d5 4. Bb5+ Nc6 5. Bxc6+ bxc6 6. Nf3 Nf6 7. Qe2 Be7 8.
d3 O-O 9. O-O Ba6 10. f5 exf5 11. exf5 Nd7 12. Bf4 Bf6 13. Qf2 Bxc3 14. bxc3
Qf6 15. g4 Qxc3 16. Qh4 Rfe8 17. g5 Re2 18. g6 fxg6 19. fxg6 h6 20. Bxh6 gxh6
21. Qxh6 Qg7 22. Qh5 Re6 23. Qh7+ Qxh7 24. gxh7+ Kh8 25. Ng5 Rg6 26. h4 Rf8 27.
Kh2 Rxf1 28. Rxf1 Nf6 29. Kg3 Nxh7 30. Kg4 Nxg5 31. hxg5 Kg7 32. Kh5 c4 33. Re1
Kh7 34. Re7+ Rg7 35. g6+ Kh8 36. Re8+ 1/2-1/2

[Event "Outaouais-ch Reserve"]
[Site "Gatineau CAN"]
[Date "2023.05.16"]
[Round "8"]
[White "Marghetis, Aris"]
[Black "Bastien, Andre"]
[Result "0-1"]
[WhiteElo "1812"]
[BlackElo "1757"]
[PlyCount "86"]
[EventDate "2023.03.28"]
[EventType "swiss"]
[EventRounds "7"]
[EventCountry "CAN"]
[TimeControl "90+30"]

1. e4 e5 2. Nc3 Nc6 3. f4 exf4 4. Nf3 Nf6 5. Bc4 Be7 6. d4 Nxe4 7. Bxf4 Nxc3 8.
bxc3 d5 9. Bd3 Bg4 10. O-O O-O 11. Qd2 Bd6 12. Rae1 Qd7 13. Bxd6 Qxd6 14. Qg5
Bxf3 15. Bxh7+ Kxh7 16. Rxf3 Qg6 17. Qxd5 Rae8 18. Ref1 Re6 19. Qd7 Re7 20.
Qh3+ Kg8 21. Rf4 Rfe8 22. Rh4 f6 23. Rg4 Qxc2 24. Qg3 Qe2 25. Qh4 Qe3+ 26. Kh1
Qd3 27. Qxf6 Qxf1+ 28. Qxf1 Re1 29. Kg1 Rxf1+ 30. Kxf1 Re3 31. d5 Ne5 32. Ra4
a6 33. Rb4 b5 34. a4 c5 35. dxc6 Nxc6 36. Rg4 Rxc3 37. axb5 axb5 38. Ke2 b4 39.
Kd2 Rc5 40. Rg3 Na5 41. Rf3 b3 42. Rf1 Nc4+ 43. Kc3 Ne3+ 0-1

[Event "Outaouais-ch Reserve"]
[Site "Gatineau CAN"]
[Date "2023.05.16"]
[Round "8"]
[White "Medeiros, Joshua"]
[Black "Laflamme, Mathieu"]
[Result "1/2-1/2"]
[WhiteElo "1399"]
[BlackElo "1340"]
[PlyCount "100"]
[EventDate "2023.03.28"]
[EventType "swiss"]
[EventRounds "7"]
[EventCountry "CAN"]
[TimeControl "90+30"]

1. e4 c6 2. d4 d5 3. exd5 cxd5 4. c4 Nf6 5. Nc3 dxc4 6. Bxc4 Bf5 7. Nf3 e6 8.
Bg5 Be7 9. Bxf6 Bxf6 10. Qa4+ Nd7 11. Ne5 Bxe5 12. dxe5 O-O 13. Rd1 Qb6 14.
Rxd7 Qxb2 15. Qb3 Qc1+ 16. Rd1 Qg5 17. Kf1 Rac8 18. h4 Qf4 19. Be2 Qxe5 20. Nb1
Bc2 21. Qa3 Bxd1 22. Bxd1 Qb5+ 23. Kg1 Qxb1 24. Qa4 Rc1 25. Kh2 b5 26. Qd4 Qxa2
27. g3 Qd5 28. Qg4 Rd8 29. Bf3 Rxh1+ 30. Bxh1 Qc4 31. Qg5 Rf8 32. h5 h6 33. Qe3
a5 34. Be4 f5 35. Bd3 Qg4 36. Qxe6+ Kh8 37. Bxb5 Qxh5+ 38. Kg2 Qf7 39. Qa6 Qd5+
40. Kh3 Ra8 41. Qc6 Qxc6 42. Bxc6 Ra7 43. Ba4 Rb7 44. Bc2 g6 45. f3 Kg7 46. f4
Rb4 47. Kh4 g5+ 48. Kh5 gxf4 49. gxf4 Rxf4 50. Ba4 Rxa4 {
Les deux cartes de partie disent que la partie est nulle.} 1/2-1/2

[Event "Outaouais-ch Reserve"]
[Site "Gatineau CAN"]
[Date "2023.05.16"]
[Round "8"]
[White "Paradis, Emile"]
[Black "Roy, Dominique"]
[Result "1-0"]
[WhiteElo "1454"]
[BlackElo "1213"]
[PlyCount "65"]
[EventDate "2023.03.28"]
[EventType "swiss"]
[EventRounds "7"]
[EventCountry "CAN"]
[TimeControl "90+30"]

1. e4 Nf6 2. e5 Nd5 3. c4 Nb4 4. a3 N4c6 5. d4 e6 6. Nf3 d6 7. Qa4 Bd7 8. c5
dxc5 9. dxc5 Bxc5 10. Qb5 b6 11. Qd3 h6 12. Nc3 a6 13. b4 Be7 14. Qe4 f5 15.
exf6 Bxf6 16. Bb2 e5 17. Qg6+ Kf8 18. Bc4 Be8 19. Qe4 b5 20. Bb3 Ra7 21. Nd5
Bf7 22. Nxe5 Bxd5 23. Bxd5 Nxe5 24. Bxe5 Bxe5 25. Qxe5 Qe8 26. Be6 Nc6 27. Qc5+
Qe7 28. Qxc6 Qf6 29. O-O-O Qf4+ 30. Kb1 Qxf2 31. Rhf1 Qxf1 32. Rxf1+ Ke7 33.
Qd7# 1-0

[Event "Outaouais-ch Reserve"]
[Site "Gatineau CAN"]
[Date "2023.05.16"]
[Round "8"]
[White "Rioux, Jocelyn"]
[Black "Gagne, Learry"]
[Result "1-0"]
[WhiteElo "1612"]
[BlackElo "1182"]
[PlyCount "135"]
[EventDate "2023.03.28"]
[EventType "swiss"]
[EventRounds "7"]
[EventCountry "CAN"]
[TimeControl "90+30"]

1. d4 d5 2. Bf4 c5 3. e3 Nc6 4. c3 e6 5. Nf3 Nf6 6. Nbd2 b6 7. Ne5 Nxe5 8. Bxe5
Bd6 9. Nf3 Bxe5 10. Nxe5 O-O 11. Bd3 c4 12. Bc2 Bb7 13. Qf3 Ne4 14. h4 f6 15.
Ng4 f5 16. Ne5 Qe8 17. O-O-O a5 18. Bxe4 fxe4 19. Qe2 Qe7 20. h5 a4 21. a3 b5
22. f4 exf3 23. gxf3 Rf5 24. f4 Rc8 25. Kc2 Bc6 26. Rdg1 Be8 27. Rg3 h6 28. Qf3
Qf8 29. Ng6 Bxg6 30. Rxg6 Rf6 31. Rhg1 Rxg6 32. Rxg6 Qf5+ 33. Kc1 Rf8 34. Qg2
Rf7 35. Rxh6 Kf8 36. Rh8+ Ke7 37. Qg5+ Qxg5 38. fxg5 Rf1+ 39. Kd2 Rg1 40. h6
gxh6 41. gxh6 Rh1 42. h7 Kf7 43. Rb8 Rxh7 44. Rxb5 Rh2+ 45. Kc1 Rh1+ 46. Kc2
Rh2+ 47. Kb1 Rh1+ 48. Ka2 Re1 49. Ra5 Rxe3 50. Rxa4 Kf6 51. Rb4 e5 52. dxe5+
Kxe5 53. a4 d4 54. Rxc4 d3 55. Rd4 Re4 56. Rxd3 Rxa4+ 57. Kb3 Ra6 58. Rd4 Rd6
59. Rxd6 Kxd6 60. Kc4 Kc6 61. b4 Kb6 62. b5 Kb7 63. Kc5 Kc7 64. c4 Kb7 65. b6
Kb8 66. Kc6 Kc8 67. b7+ Kb8 68. c5 1-0

[Event "Outaouais-ch U20"]
[Site "Gatineau CAN"]
[Date "2023.09.12"]
[Round "1"]
[White "Godbout, Elliott"]
[Black "Ethier, Emile"]
[Result "0-1"]
[WhiteElo "1498"]
[BlackElo "1577"]
[PlyCount "22"]
[EventDate "2023.09.12"]
[EventType "tourn"]
[EventRounds "5"]
[EventCountry "CAN"]

1. d4 d5 2. Nf3 Nf6 3. Bf4 c5 4. e3 Nc6 5. c4 Bg4 6. Nc3 e6 7. cxd5 Nxd5 8.
Nxd5 Qxd5 9. Be2 cxd4 10. Nxd4 Qxg2 11. Rf1 Bb4+ 0-1

[Event "Outaouais-ch U20"]
[Site "Gatineau CAN"]
[Date "2023.09.12"]
[Round "1"]
[White "Nasr, Ziad"]
[Black "Nasr, Marwan"]
[Result "1/2-1/2"]
[WhiteElo "1556"]
[BlackElo "1761"]
[PlyCount "67"]
[EventDate "2023.09.12"]
[EventType "tourn"]
[EventRounds "5"]
[EventCountry "CAN"]

1. c4 d5 2. e3 Nf6 3. d4 Bf5 4. Nc3 e6 5. h3 c5 6. cxd5 exd5 7. dxc5 Bxc5 8.
Nf3 O-O 9. Nd4 Bg6 10. Nb3 Bb6 11. Bd3 Nc6 12. Bxg6 hxg6 13. Nd4 Nxd4 14. exd4
Re8+ 15. Be3 Qd6 16. Rc1 a6 17. Qf3 Bxd4 18. O-O Bxe3 19. fxe3 Qe6 20. Rce1 Re7
21. Re2 Ne4 22. Rd1 Nxc3 23. bxc3 Rd8 24. e4 Rdd7 25. e5 Re8 26. Red2 Red8 27.
Rc2 Rc8 28. Rd4 Qc6 29. Qe3 Qb6 30. Kh2 Rxc3 31. Rxc3 Qxd4 32. Qg3 Qb6 33. Qg5
f6 34. Qxg6 1/2-1/2

[Event "Outaouais-ch U20"]
[Site "Gatineau CAN"]
[Date "2023.09.12"]
[Round "1"]
[White "Zhao, Richie"]
[Black "Filion, Samuel"]
[Result "0-1"]
[WhiteElo "1214"]
[BlackElo "1492"]
[PlyCount "134"]
[EventDate "2023.09.12"]
[EventType "tourn"]
[EventRounds "5"]
[EventCountry "CAN"]
[TimeControl "90+30"]

1. e4 d5 2. exd5 Qxd5 3. Nc3 Qa5 4. Bc4 Nf6 5. d3 c6 6. Bd2 Qb6 7. Bb3 Bf5 8.
Qf3 e6 9. h3 Bd6 10. O-O-O Nbd7 11. Bf4 Qc7 12. Bxd6 Qxd6 13. Nge2 O-O-O 14.
Ng3 Bg6 15. Nge4 Qc7 16. g4 h5 17. g5 Nxe4 18. Nxe4 h4 19. Qe3 Kb8 20. Rdf1 Qb6
21. Qf4+ Qc7 22. Qxc7+ Kxc7 23. f4 Bf5 24. Nd2 b5 25. Nf3 Nc5 26. Ne5 Rdf8 27.
Ng4 a5 28. a3 Nxb3+ 29. cxb3 Bxd3 30. Rd1 Be2 31. Rd2 Bf3 32. Rg1 Bxg4 33. Rxg4
Rd8 34. Rxd8 Kxd8 35. Kd2 Kc7 36. Kd3 Kd6 37. Ke4 f5+ 38. gxf6 gxf6 39. Rg1 Rh5
40. Rc1 Rd5 41. Rc2 c5 42. Rg2 Rh5 43. Rc2 Rh7 44. Rg2 f5+ 45. Ke3 Kd5 46. Rd2+
Kc6 47. Rg2 a4 48. b4 cxb4 49. Kd4 bxa3 50. bxa3 Kd6 51. Rb2 Rb7 52. Rb4 Rb8
53. Rb2 b4 54. axb4 a3 55. Rd2 Rxb4+ 56. Kc3+ Kc5 57. Rf2 Ra4 58. Kb3 a2 59.
Rc2+ Kb5 60. Rc3 a1=Q 61. Rc1 Ra3+ 62. Kc2 Qa2+ 63. Kd1 Rd3+ 64. Ke1 Re3+ 65.
Kf1 Qe2+ 66. Kg1 Rg3+ 67. Kh1 Qg2# 0-1

[Event "Outaouais-ch U20"]
[Site "Gatineau CAN"]
[Date "2023.09.19"]
[Round "2"]
[White "Filion, Samuel"]
[Black "Godbout, Elliott"]
[Result "0-1"]
[WhiteElo "1492"]
[BlackElo "1498"]
[PlyCount "96"]
[EventDate "2023.09.12"]
[EventType "tourn"]
[EventRounds "5"]
[EventCountry "CAN"]

1. e4 e5 2. Nf3 Nc6 3. Bc4 Bc5 4. c3 Nf6 5. d3 h6 6. O-O d6 7. Re1 O-O 8. Nbd2
Bg4 9. Nf1 a6 10. b4 Ba7 11. h3 Bh5 12. Ng3 Bg6 13. Be3 Bxe3 14. Rxe3 Re8 15.
Qb3 Na7 16. Nh4 d5 17. Nxg6 dxc4 18. Qxc4 Re6 19. Nh4 Rc6 20. Qb3 Nb5 21. Rc1
Rd6 22. Nf3 Re6 23. a4 Na7 24. Rd1 Qe8 25. Qc2 Rd8 26. d4 exd4 27. Rxd4 Rxd4
28. Nxd4 Re7 29. f3 c5 30. Ndf5 Rc7 31. bxc5 Rxc5 32. Rd3 Ra5 33. Rd4 Nc6 34.
Rd1 Ne7 35. Nxe7+ Qxe7 36. Nf5 Qe8 37. Rd4 Nh5 38. Qd1 Kh7 39. Nd6 Qc6 40. Qb3
Nf4 41. Kf2 Ne6 42. Rd2 Rxa4 43. Nxf7 Qc5+ 44. Ke2 Nf4+ 45. Kf1 Ra1+ 46. Rd1
Qe3 47. Qc2 Rxd1+ 48. Qxd1 Nd3 0-1

[Event "Outaouais-ch U20"]
[Site "Gatineau CAN"]
[Date "2023.09.19"]
[Round "2"]
[White "Nasr, Marwan"]
[Black "Zhao, Richie"]
[Result "1-0"]
[WhiteElo "1761"]
[BlackElo "1214"]
[PlyCount "137"]
[EventDate "2023.09.12"]
[EventType "tourn"]
[EventRounds "5"]
[EventCountry "CAN"]

1. Nf3 d5 2. b3 c5 3. Bb2 Nc6 4. e3 Nf6 5. Bb5 Bg4 6. h3 Bh5 7. Bxc6+ bxc6 8.
d3 e6 9. Nbd2 Bd6 10. Qe2 a5 11. e4 e5 12. g4 Bg6 13. Bxe5 O-O 14. Bxd6 Qxd6
15. e5 Qc7 16. O-O Nd7 17. Rae1 Rae8 18. Nh4 Rxe5 19. Qd1 h5 20. f4 Rxe1 21.
Qxe1 hxg4 22. hxg4 Bh7 23. Qg3 g5 24. Nf5 Bxf5 25. gxf5 f6 26. Qg4 Rf7 27. fxg5
fxg5 28. Nf3 Ne5 29. Nxe5 Qxe5 30. Kg2 Qe3 31. Rf3 Qd2+ 32. Rf2 Qc1 33. f6 Rh7
34. Qc8+ Kf7 35. Qd7+ Kg6 36. Qxh7+ Kxh7 37. f7 Qd1 38. f8=Q Qg4+ 39. Kh1 Qd1+
40. Kh2 Qh5+ 41. Kg3 Qh4+ 42. Kf3 Qh3+ 43. Ke2 Qe6+ 44. Kd2 d4 45. Rf7+ Qxf7
46. Qxf7+ Kh6 47. Qf6+ Kh5 48. Qxc6 g4 49. Qg2 Kg5 50. c3 dxc3+ 51. Kxc3 Kf4
52. Kc4 Ke3 53. Kxc5 Kxd3 54. Kb5 Kc3 55. a4 Kxb3 56. Kxa5 Kc4 57. Qg3 Kc5 58.
Qxg4 Kc6 59. Qg5 Kd6 60. Qb5 Kc7 61. Qb6+ Kc8 62. Kb5 Kd7 63. a5 Ke7 64. a6 Kf7
65. a7 Ke7 66. a8=Q Kd7 67. Qac6+ Ke7 68. Qbb7+ Kf8 69. Qcc8# 1-0

[Event "Outaouais-ch U20"]
[Site "Gatineau CAN"]
[Date "2023.09.26"]
[Round "3"]
[White "Filion, Samuel"]
[Black "Nasr, Marwan"]
[Result "0-1"]
[WhiteElo "1492"]
[BlackElo "1751"]
[PlyCount "80"]
[EventDate "2023.09.12"]
[EventType "tourn"]
[EventRounds "5"]
[EventCountry "CAN"]

1. e4 d5 2. exd5 Nf6 3. Nf3 Nxd5 4. d4 Bf5 5. Bd3 Bxd3 6. Qxd3 e6 7. c4 Nf6 8.
Nc3 Be7 9. O-O O-O 10. Re1 c5 11. Rd1 cxd4 12. Qxd4 Nc6 13. Qe3 Qa5 14. a3 Qh5
15. Qg5 Rfd8 16. Bf4 Qxg5 17. Bxg5 Na5 18. Nd2 h6 19. Be3 Ng4 20. b4 Nxe3 21.
fxe3 Bf6 22. Rac1 Nc6 23. Nce4 Bb2 24. Rb1 Bxa3 25. b5 Ne5 26. Ra1 Be7 27. Rac1
f5 28. Nf2 Bc5 29. Nf1 Rxd1 30. Rxd1 a5 31. bxa6 bxa6 32. Rb1 Kf7 33. Rb3 Kf6
34. Nd3 Nxd3 35. Rxd3 a5 36. Nd2 a4 37. Kf1 a3 38. Nb3 a2 39. Na1 Rb8 40. Nb3
Rxb3 0-1

[Event "Outaouais-ch U20"]
[Site "Gatineau CAN"]
[Date "2023.09.26"]
[Round "3"]
[White "Godbout, Elliott"]
[Black "Nasr, Ziad"]
[Result "1-0"]
[WhiteElo "1498"]
[BlackElo "1556"]
[PlyCount "95"]
[EventDate "2023.09.12"]
[EventType "tourn"]
[EventRounds "5"]
[EventCountry "CAN"]

1. d4 b6 2. Nf3 Nf6 3. g3 Bb7 4. Bg2 e6 5. c4 c5 6. O-O Nc6 7. Nc3 d5 8. dxc5
Bxc5 9. cxd5 exd5 10. Bg5 Be7 11. e3 h6 12. Bxf6 Bxf6 13. Rc1 Ba6 14. Re1 Bxc3
15. Rxc3 Bb7 16. Qa4 O-O 17. Nd4 Ne7 18. Rec1 Rc8 19. Qxa7 Rb8 20. Qa3 Ra8 21.
Qb4 Re8 22. a3 Rc8 23. Rxc8 Nxc8 24. Nb5 Qd7 25. Rc7 Qf5 26. Rxb7 d4 27. Nxd4
Qh5 28. Bf3 Qg6 29. Qc3 Qf6 30. Rc7 Ne7 31. Nc6 Qxf3 32. Nxe7+ Kh7 33. Qd3+ Kh8
34. Rd7 Qf6 35. Nf5 Rc8 36. Qd5 Rc5 37. Qa8+ Kh7 38. Nd4 Qg6 39. Kg2 h5 40. Rd8
Qg5 41. Rh8+ Kg6 42. Qe4+ Kf6 43. Re8 Re5 44. Qxe5+ Qxe5 45. Rxe5 Kxe5 46. b4
Kd5 47. Kf3 Kc4 48. Kf4 1-0

[Event "Outaouais-ch U20"]
[Site "Gatineau CAN"]
[Date "2023.10.07"]
[Round "4"]
[White "Godbout, Elliott"]
[Black "Zhao, Richie"]
[Result "1-0"]
[WhiteElo "1498"]
[BlackElo "1214"]
[PlyCount "91"]
[EventDate "2023.09.12"]
[EventType "tourn"]
[EventRounds "5"]
[EventCountry "CAN"]

1. d4 e5 2. dxe5 d6 3. exd6 Bxd6 4. Nc3 Nf6 5. Bg5 h6 6. Bh4 Nc6 7. Nf3 Bg4 8.
a3 a6 9. e3 Ne5 10. Be2 g5 11. Bg3 Qe7 12. Bxe5 Bxe5 13. Nxe5 Bxe2 14. Qxe2
Qxe5 15. O-O-O Nd7 16. Rd2 O-O-O 17. g3 Nc5 18. Rhd1 Ne4 19. Nxe4 Qxe4 20.
Rxd8+ Rxd8 21. Rxd8+ Kxd8 22. Qd3+ Qxd3 23. cxd3 Kd7 24. Kc2 Kd6 25. Kc3 f5 26.
h4 Kd5 27. hxg5 hxg5 28. f4 g4 29. b4 b6 30. Kb3 c5 31. bxc5 Kxc5 32. e4 fxe4
33. dxe4 Kd4 34. f5 Kxe4 35. f6 Kf3 36. f7 Kxg3 37. f8=Q Kg2 38. Qf4 g3 39. Kc4
Kh3 40. Kd3 g2 41. Qf3+ Kh2 42. Qf2 Kh1 43. Qh4+ Kg1 44. Ke3 b5 45. Kf3 Kf1 46.
Qf2# 1-0

[Event "Outaouais-ch U20"]
[Site "Gatineau CAN"]
[Date "2023.10.07"]
[Round "4"]
[White "Nasr, Marwan"]
[Black "Ethier, Emile"]
[Result "1-0"]
[WhiteElo "1751"]
[BlackElo "1577"]
[PlyCount "67"]
[EventDate "2023.09.12"]
[EventType "tourn"]
[EventRounds "5"]
[EventCountry "CAN"]

1. Nf3 d5 2. b3 Nf6 3. Bb2 e6 4. d4 Nbd7 5. e3 Bd6 6. Bd3 O-O 7. O-O c5 8. Nbd2
cxd4 9. exd4 b6 10. Ne5 Qc7 11. f4 Bb7 12. Qe2 Rac8 13. Rac1 Ne8 14. Rf3 f6 15.
Rh3 f5 16. Nef3 Rf6 17. Ng5 Nf8 18. g3 h6 19. Ngf3 Nd7 20. c4 Qb8 21. Ne5 Bxe5
22. fxe5 Rf7 23. Rf1 Qc7 24. g4 dxc4 25. bxc4 Qc6 26. Rhf3 Qa4 27. R3f2 Qxa2
28. gxf5 Qxb2 29. fxe6 Rxf2 30. Qxf2 Ndf6 31. exf6 Nxf6 32. d5 Qc3 33. Qe3 b5
34. Bh7+ 1-0